| 000 | 00845nam a22001337a 4500 | ||
|---|---|---|---|
| 040 | _cRUA | ||
| 082 | _aAGR LAY 2012 B052 Or.1 | ||
| 100 | _aLAY SOPEARY | ||
| 245 | _aEffect of weed control methods on IR66 rice variet under dry season condition in osaray commune, tram kok district, takeo province,(ប្រសិទ្ធភាព នៃវិធីសាស្រ្តកំចាត់រុក្ខជាតិចង្រៃលើដំណាំស្រូវអ៊ីអ៊ែរ៦៦ លក្ខខណ្ឌរដូវប្រាំង នៅឃុំអូរសារាយ ស្រុកត្រំាកក់ ខេត្តតាកែវ) | ||
| 260 |
_aphnom penh _bRUA _c2012 |
||
| 300 |
_axi, 56p. _cill. |
||
| 856 | _uhttps://drive.google.com/file/d/1us-CSmAE7RxNRR7VjuuQOBhV1P2WUuLc/view?usp=sharing | ||
| 942 | _cAGR | ||
| 999 |
_c1197 _d1197 |
||